000 00247nam a22001097a 4500
082 _a894.812.3
_bEDI/D
245 _aTHIVAM KUTIKALODU SAMSARIKUNNU
300 _a94
520 _aBIBLE STORY
650 _aMALAYALAM SHORT STORIES
_zKERALA
942 _cBK
999 _c1351
_d1351